Bekannte historische Personen nach Bildern #1 - Statistiken

Allgemein
  • Dieses Quiz wurde 2.626 mal gespielt
  • Das Durchschnittsergebnis liegt bei 10 aus 16
Antwortstatistiken
Bildquiz Antwort % Korrekt
Albert Einstein
98%
Wolfgang Amadeus Mozart
94%
Napoleon Bonaparte
92%
John F. Kennedy
87%
Ludwig van Beethoven
83%
Martin Luther
80%
Marie Curie
70%
Winston Churchill
70%
Nelson Mandela
68%
Karl Marx
64%
Leonardo da Vinci
55%
Charles Darwin
41%
Johann Wolfgang von Goethe
39%
Friedrich der Große
16%
Vlad Dracula
15%
Franz Ferdinand
13%
Keine übereinstimmenden Quizze gefunden
Verteilung der Resultate
Anzahl Personen mit jedem Resultat
Perzentil nach korrekt beantworteten Fragen
Ihre Resultats-Entwicklung
Sie haben dieses Quiz noch nicht gespielt